A Practical Course in Spoken English / (Record no. 990)

000 -LEADER
fixed length control field 00590nam a2200217 a 4500
008 - FIXED-LENGTH DATA ELEMENTS--GENERAL INFORMATION
fixed length control field 191115t2012 ii ||||g |||| 00| | eng d
020 ## - INTERNATIONAL STANDARD BOOK NUMBER
International Standard Book Number 9788120346543
Terms of availability Rs. 250.00
040 ## - CATALOGING SOURCE
Original cataloging agency IMU Kochi Library
Language of cataloging eng
041 0# - LANGUAGE CODE
Language code of text/sound track or separate title eng
044 ## - COUNTRY OF PUBLISHING/PRODUCING ENTITY CODE
MARC country code India
082 04 - DEWEY DECIMAL CLASSIFICATION NUMBER
Edition number 23
Classification number 421.52
Item number G1546
100 1# - MAIN ENTRY--PERSONAL NAME
Personal name Gangal, J. K.
245 10 - TITLE STATEMENT
Title A Practical Course in Spoken English /
250 ## - EDITION STATEMENT
Edition statement 2nd ed.
260 ## - PUBLICATION, DISTRIBUTION, ETC. (IMPRINT)
Place of publication, distribution, etc New Delhi :
Name of publisher, distributor, etc PHI Learning Private Limited ,
Date of publication, distribution, etc 2012
300 ## - PHYSICAL DESCRIPTION
Extent xx, 280 p. ;
Dimensions 24 cm +
Accompanying material 1 CD-ROM
650 #0 - SUBJECT ADDED ENTRY--TOPICAL TERM
Topical term or geographic name as entry element Spoken English
General subdivision English language
852 ## - LOCATION/CALL NUMBER
Location IMU Kochi Library
904 ## - LOCAL DATA ELEMENT D, LDD (RLIN)
CATALOGER Akhil Bose
942 ## - ADDED ENTRY ELEMENTS (KOHA)
Item type Books
Holdings
Withdrawn status Lost status Source of classification or shelving scheme Damaged status Not for loan Collection code Permanent location Current location Shelving location Date acquired Source of acquisition Cost, normal purchase price Full call number Barcode Date last seen Koha item type Public note
          English IMU Kochi Library IMU Kochi Library Fiction & General 2014-12-03 M/s Current Books (Inv. No.000983 dt. 2014-11-24) 250.00 421.52 G1546 BK001161 2019-11-15 Books Shelf-18, Row-3
          English IMU Kochi Library IMU Kochi Library Staff Office 2014-12-03 Accompanying Material (free with textbook)   421.52 G1546 CD 001161CD 2020-09-14 Compact Disc Circulation Sec, Drawer No.4


Copyright © All Rights Reserved by Indian Maritime University, Kochi Campus.
For any Suggestions/Query Contact to library or Email: library.kochi@imu.ac.in Ph:(0484)-2989402
(Web OPAC Designed by Rudra Ranjan. Maintained by IMU Kochi Library)

Powered by Koha